Rèn luyện tư duy sáng tạo cho học sinh thông qua dạy học giải bài toán chủ đề lượng giác lớp 10 THPT Luận văn thạc sĩ Khoa học giáo dục. Chuyên ngành: Lý luận và Phương pháp dạy học Bộ môn Toán. Mã số: 60140111

Tallennettuna:
Bibliografiset tiedot
Päätekijä: Nguyễn, Lộc Trường
Muut tekijät: Lê, Xuân Trường (Hướng dẫn)
Aineistotyyppi: Opinnäyte Kokoelma Kirja
Kieli:Vietnamese
Julkaistu: Đồng Tháp Đại học Đồng Tháp 2016
Aiheet:
Tagit: Lisää tagi
Ei tageja, Lisää ensimmäinen tagi!
Thư viện lưu trữ: Trung tâm Học liệu Lê Vũ Hùng, Trường Đại học Đồng Tháp
LEADER 01401ppm a22003138a 4500
001 00035089
005 20171026081025.0
008 161115s2016 ||||||viesd
041 0 # |a vie 
082 1 4 |b R203L  |a 516.24 
100 1 # |a Nguyễn, Lộc Trường 
245 0 0 |a Rèn luyện tư duy sáng tạo cho học sinh thông qua dạy học giải bài toán chủ đề lượng giác lớp 10 THPT  |b Luận văn thạc sĩ Khoa học giáo dục. Chuyên ngành: Lý luận và Phương pháp dạy học Bộ môn Toán. Mã số: 60140111  |c Nguyễn Lộc Trường; Lê Xuân Trường (hướng dẫn) 
260 # # |a Đồng Tháp  |b Đại học Đồng Tháp  |c 2016 
300 # # |a 126 tr.+ phụ lục  |c 30cm.  |e 1 bản tóm tắt 
500 # # |a ĐTTS ghi: Bộ giáo dục và đào tạo. Trường Đại học Đồng Tháp 
653 # # |a Học sinh 
653 # # |a Luận văn 
653 # # |a Trung học phổ thông 
653 # # |a Toán học 
653 # # |a Lượng giác 
700 1 # |a Lê, Xuân Trường  |e Hướng dẫn 
852 # # |j LV.0000760  |j LV.0001742 
852 # # |b Kho đọc SĐH  |j LV.0000760 
852 # # |b Kho đọc SĐH 
910 |d 15/11/2016 
980 # # |a Trung tâm Học liệu Lê Vũ Hùng, Trường Đại học Đồng Tháp